Normal view
MARC view
Entry Topical Term
001 - CONTROL NUMBER
- control field: 10864
003 - CONTROL NUMBER IDENTIFIER
- control field: BD-RjUL
005 - DATE AND TIME OF LATEST TRANSACTION
- control field: 20240116115403.0
008 - FIXED-LENGTH DATA ELEMENTS
- fixed length control field: 240116|| aca||aabn | a|a d
040 ## - CATALOGING SOURCE
- Original cataloging agency: BD-RjUL
- Transcribing agency: BD-RjUL
150 ## - HEADING--TOPICAL TERM
- Topical term or geographic name entry element: Fiction in English
670 ## - SOURCE DATA FOUND
- Source citation: Work cat.: (BD-RjUL)82636: Rohmer, Sax 10863, THE SI-FAN MYSTERIES /, 1961